<?xml version="1.0" encoding="UTF-8"?><?xml-stylesheet type="text/xsl" href="static/style.xsl"?><OAI-PMH xmlns="http://www.openarchives.org/OAI/2.0/" xmlns:xsi="http://www.w3.org/2001/XMLSchema-instance" xsi:schemaLocation="http://www.openarchives.org/OAI/2.0/ http://www.openarchives.org/OAI/2.0/OAI-PMH.xsd"><responseDate>2026-05-14T08:58:34Z</responseDate><request verb="GetRecord" identifier="oai:repisalud.isciii.es:20.500.12105/25166" metadataPrefix="marc">https://repisalud.isciii.es/rest/oai/request</request><GetRecord><record><header><identifier>oai:repisalud.isciii.es:20.500.12105/25166</identifier><datestamp>2025-12-18T13:00:20Z</datestamp><setSpec>com_20.500.12105_25100</setSpec><setSpec>com_20.500.12105_6723</setSpec><setSpec>com_20.500.12105_2337</setSpec><setSpec>com_20.500.12105_2336</setSpec><setSpec>col_20.500.12105_25101</setSpec></header><metadata><record xmlns="http://www.loc.gov/MARC21/slim" xmlns:dcterms="http://purl.org/dc/terms/" xmlns:doc="http://www.lyncode.com/xoai" xmlns:xsi="http://www.w3.org/2001/XMLSchema-instance" xsi:schemaLocation="http://www.loc.gov/MARC21/slim http://www.loc.gov/standards/marcxml/schema/MARC21slim.xsd">
   <leader>00925njm 22002777a 4500</leader>
   <datafield ind2=" " ind1=" " tag="042">
      <subfield code="a">dc</subfield>
   </datafield>
   <datafield ind2=" " ind1=" " tag="720">
      <subfield code="a">Jimenez-Planet, Virginia</subfield>
      <subfield code="e">author</subfield>
   </datafield>
   <datafield ind2=" " ind1=" " tag="260">
      <subfield code="c">2023-10</subfield>
   </datafield>
   <datafield ind2=" " ind1=" " tag="520">
      <subfield code="a">Objetivo: Aprender a realizar estrategias de búsqueda avanzada, más precisas y eficientes en las principales bases de datos del ámbito de las ciencias de la salud. Contenido: – El proceso de búsqueda de documentación científica: formulación de la pregunta de investigación. – Información científica en la red: cómo hacer una búsqueda completa, identificación de las fuentes de información. Principales bases de datos y recursos del ámbito biomédico. – La importancia de la terminología en el diseño de la estrategia: agrupación de conceptos, elección, generación y combinación de los términos de búsqueda. Cómo sacar el máximo partido a los tesauros. – Principales operadores y caracteres, lenguajes de interrogación. – Cómo funcionan los motores de búsqueda: principales formularios, cuándo y cómo utilizarlos. – Limitar los Resultados: filtros proporcionados por las bases de datos versus filtros metodológicos. – Rediseñar la estrategia: principales errores que se producen en la construcción de la estrategia de búsqueda. – Cómo replicar la estrategia de búsqueda en los formularios avanzados de las principales bases de datos de ciencias de la salud: Pubmed, WOS, Scopus, Embase, Cochrane. Cómo documentarla. Cómo eliminar resultados duplicados. – ¡A practicar!: el ensayo y error.</subfield>
   </datafield>
   <datafield ind1="8" ind2=" " tag="024">
      <subfield code="a">XVII Jornadas de Información y Documentación en Ciencias de la Salud - Bibliosalud 2023. Valladolid 19 y 20 de octubre de 2023.</subfield>
   </datafield>
   <datafield ind1="8" ind2=" " tag="024">
      <subfield code="a">https://hdl.handle.net/20.500.12105/25166</subfield>
   </datafield>
   <datafield tag="653" ind2=" " ind1=" ">
      <subfield code="a">Búsquedas bibliográficas</subfield>
   </datafield>
   <datafield tag="653" ind2=" " ind1=" ">
      <subfield code="a">Bases de datos</subfield>
   </datafield>
   <datafield tag="653" ind2=" " ind1=" ">
      <subfield code="a">Ciencias de la salud</subfield>
   </datafield>
   <datafield tag="653" ind2=" " ind1=" ">
      <subfield code="a">Terminología</subfield>
   </datafield>
   <datafield tag="653" ind2=" " ind1=" ">
      <subfield code="a">Estrategías de búsqueda</subfield>
   </datafield>
   <datafield ind2="0" ind1="0" tag="245">
      <subfield code="a">Taller 3. Búsquedas expertas</subfield>
   </datafield>
</record></metadata></record></GetRecord></OAI-PMH>